000
00303nam a22001337a 4500
008
181018b xxu||||| |||| 00| 0 eng d
020
_a
9780440500056
041
_a
eng
080
_a
616.8
100
_a
7
101
_a
TRU
245
_a
Moleculses of the Mind
_c
Franklin. J
942
_2
udc
_c
BK
999
_c
50090
_d
50090